Química analítica
Saved in:
| Main Authors: | , |
|---|---|
| Format: | Book |
| Language: | Spanish |
| Published: |
Madrid
McGraw-Hill
1989
|
| Subjects: | |
| Tags: |
Add Tag
No Tags, Be the first to tag this record!
|
MARC
| LEADER | 00000nam a2200000 a 4500 | ||
|---|---|---|---|
| 001 | UCW2648 | ||
| 003 | CL-VaPUC | ||
| 008 | 901204e19890000SP |||||||||||||||||spa|d | ||
| 082 | 0 | 4 | |a 543 |b SKO |2 21 |
| 100 | 0 | |a Skoog, Douglas A |e author |9 306912 | |
| 700 | 0 | |a West, Donald M |e author |9 306913 | |
| 245 | 1 | 0 | |a Química analítica |
| 300 | |a 725 p | ||
| 942 | |c BK | ||
| 945 | |d 19901204 00:00:00 |a mfernand | ||
| 260 | |a Madrid |b McGraw-Hill |c 1989 | ||
| 650 | 0 | |a Química analítica |9 259648 | |
| 583 | |a last modification |c 19901204 00:00:00 |k Rodrigo Vera | ||
| 999 | |c 217153 |d 217151 | ||
| 952 | |0 0 |1 0 |4 0 |6 543_000000000000000_SKO_1989 |7 0 |8 A |9 203859 |a BIBCUR |b BIBCUR |d 2019-11-15 |i 2711249 |o 543 SKO 1989 |p 2711249 |r 2025-04-22 |w 2019-11-15 |y BK |k BCB | ||
| 952 | |0 0 |1 0 |4 0 |6 543_000000000000000_SKO_1989 |7 0 |8 A |9 203860 |a BIBCUR |b BIBCUR |d 2019-11-15 |i 2711257 |o 543 SKO 1989 |p 2711257 |r 2025-04-22 |w 2019-11-15 |y BK |k BCB | ||
| 952 | |0 0 |1 0 |4 0 |6 543_000000000000000_SKO_1989 |7 0 |8 A |9 203861 |a BIBCUR |b BIBCUR |d 2019-11-15 |i 2711265 |o 543 SKO 1989 |p 2711265 |r 2025-04-22 |w 2019-11-15 |y BK |k BCB | ||
| 952 | |0 0 |1 0 |4 0 |6 543_000000000000000_SKO_1989 |7 0 |8 A |9 203862 |a BIBCUR |b BIBCUR |d 2019-11-15 |i 2711273 |o 543 SKO 1989 |p 2711273 |r 2025-04-22 |w 2019-11-15 |y BK |k QUI | ||
| 952 | |0 0 |1 0 |4 0 |6 543_000000000000000_SKO_1989 |7 0 |8 A |9 203863 |a BIBCUR |b BIBCUR |d 2019-11-15 |i 3078558 |o 543 SKO 1989 |p 3078558 |r 2025-04-22 |w 2019-11-15 |y BK |k BCB | ||